00338nam a2200121Ia 4500008004100000020001500041082002100056100000500077245004000082260006200122300000800184700002400192140316s9999 xx 000 0 und d a8123003137 a726.09bGOV/FO.1 a aForgotten monuments of Orissa . V.1 aNew DelhibMinistry of information and broadcastingc1995 a316 aGovernment of India